| 000 | 00536pam a2200169 a 4500 | ||
|---|---|---|---|
| 020 | _a0435080342 | ||
| 020 | _a0435080350 | ||
| 040 | _cDLC | ||
| 082 | _a338 HEI 1989 A068 Or. | ||
| 245 | 0 | 0 |
_aStructural adjustment & agriculture : _btheory & practice in Africa & Latin America / |
| 260 |
_aLondon : _bOverseas Development Institute ; _aPortsmouth, N.H. : _bHeinemann, _c1989 |
||
| 300 |
_axiv, 250 p., [6] p. of plates : _bill. ; _c25 cm |
||
| 650 | 0 | _aAgriculture | |
| 650 | 0 | _aAgriculture | |
| 700 | 1 | _aCommander, Simon | |
| 942 | _cEK | ||
| 999 |
_c14562 _d14562 |
||